000
00214 a2200097 4500
020
_a
9780062234319
041
_a
eng
100
_a
Roth, Veronica
245
_a
The World of Veronica Rpths Divergent series
942
_c
BK
999
_c
9904
_d
9904